[Event "24th Klatovy B 2016"]
[Site "Klatovy CZE"]
[Date "2016.07.06"]
[Round "5.34"]
[White "Nemec, Frantisek 1985"]
[Black "Filip, Petr 1952"]
[Result "1-0"]
[WhiteElo "1614"]
[BlackElo "1353"]
[PlyCount "105"]
[EventDate "2016.07.02"]
[EventType "swiss"]
[EventRounds "9"]
[EventCountry "CZE"]

1. e4 e5 2. Nf3 Nc6 3. Bc4 h6 4. c3 Nf6 5. d3 Be7 6. O-O O-O 7. Qc2 d6 8. Be3 Na5 9. Nbd2 Ng4 10. b4 Nxe3 11. fxe3 Nxc4 12. Nxc4 b6 13. d4 Ba6 14. Qb3 d5 15. exd5 Qxd5 16. Nfd2 Bb7 17. e4 Qe6 18. Nxe5 Qxb3 19. axb3 f6 20. Ng6 Rfe8 21. Nxe7+ Rxe7 22. d5 Rd7 23. b5 a6 24. c4 a5 25. Ra2 Re7 26. Rf3 Bc8 27. h3 Re5 28. Kf2 f5 29. exf5 Bxf5 30. Re3 Rxe3 31. Kxe3 Re8+ 32. Kf2 Bg6 33. Nf3 Bb1 34. Re2 Rf8 35. Ke1 Bd3 36. Re3 Bc2 37. Nd4 Bh7 38. Ke2 Kh8 39. Re7 Rc8 40. Kd2 Bg6 41. Ne6 Be4 42. Rxg7 Rg8 43. Rxg8+ Kxg8 44. g3 Bg2 45. h4 Kf7 46. Nxc7 Ke7 47. Na8 Kd6 48. Nxb6 Kc5 49. Na4+ Kd6 50. Kd3 Bxd5 51. cxd5 Kxd5 52. b6 Kc6 53. g4 1-0

[Event "24th Klatovy B 2016"]
[Site "Klatovy CZE"]
[Date "2016.07.06"]
[Round "5.35"]
[White "Vavrinkova, Anna"]
[Black "Sedlacek, Pavel"]
[Result "1/2-1/2"]
[WhiteElo "1364"]
[BlackElo "1612"]
[PlyCount "113"]
[EventDate "2016.07.02"]
[EventType "swiss"]
[EventRounds "9"]
[EventCountry "CZE"]

1. e4 e6 2. d4 d5 3. Nd2 c5 4. c3 Nc6 5. Ngf3 Qb6 6. exd5 exd5 7. Nb3 c4 8. Nbd2 Nf6 9. Be2 Be7 10. O-O Qc7 11. Re1 O-O 12. Nf1 Bd7 13. Bg5 b5 14. Bh4 a5 15. Ne5 Be6 16. Nxc6 Qxc6 17. h3 Rfe8 18. Bf3 b4 19. Rb1 Nd7 20. Bxe7 Rxe7 21. Ne3 Ree8 22. Qc2 Reb8 23. Qe2 Nb6 24. Rec1 bxc3 25. bxc3 Na4 26. Qc2 g6 27. Bxd5 Bxd5 28. Nxd5 Qxd5 29. Qxa4 Rc8 30. Rb5 Qd7 31. Rcb1 Qe6 32. Qa3 Qd7 33. Rxa5 Qc6 34. Rxa8 Rxa8 35. Qb2 Ra6 36. Qb8+ Kg7 37. Qe5+ Kh6 38. d5 Qd6 39. Qxd6 Rxd6 40. Rd1 Kg7 41. a4 Kf6 42. Kf1 Ke7 43. Rd4 Rb6 44. Rxc4 Rb2 45. Rd4 Kd6 46. c4 Kc5 47. Rf4 f5 48. g4 fxg4 49. hxg4 Ra2 50. Rf7 Rxa4 51. Rxh7 Rxc4 52. Rc7+ Kxd5 53. Rxc4 Kxc4 54. Ke2 Kd4 55. Kf3 g5 56. Kg3 Ke4 57. f3+ 1/2-1/2

[Event "24th Klatovy B 2016"]
[Site "Klatovy CZE"]
[Date "2016.07.06"]
[Round "5.36"]
[White "Severin, Lubos"]
[Black "Dolejs, Jakub"]
[Result "1-0"]
[WhiteElo "1694"]
[BlackElo "1086"]
[PlyCount "127"]
[EventDate "2016.07.02"]
[EventType "swiss"]
[EventRounds "9"]
[EventCountry "CZE"]

1. e4 e5 2. Nf3 Nc6 3. Bc4 Bc5 4. Nc3 Nf6 5. d3 O-O 6. Bg5 h6 7. Bh4 Re8 8. Nd5 Be7 9. Nxe7+ Qxe7 10. c3 Na5 11. Bb3 d6 12. h3 Be6 13. Bc2 c5 14. O-O Nc6 15. Re1 Rad8 16. Qe2 d5 17. Rad1 d4 18. c4 a6 19. Ba4 Bd7 20. Nh2 g5 21. Bg3 Rb8 22. Bxc6 Bxc6 23. h4 Nh7 24. Qh5 Kg7 25. Ng4 Qd6 26. hxg5 hxg5 27. f3 b5 28. b3 bxc4 29. dxc4 a5 30. Ne3 Qg6 31. Nf5+ Kf8 32. Qh2 f6 33. Kf2 a4 34. Rb1 axb3 35. axb3 Bd7 36. Nd6 Re6 37. Rh1 Kg8 38. Nf5 Ree8 39. Qh3 Bxf5 40. Qxf5 Qxf5 41. exf5 Re7 42. Rb2 Reb7 43. Rhb1 Kf7 44. Ke2 Ke7 45. Be1 Nf8 46. Kd3 Kd6 47. b4 Kc6 48. b5+ Kd6 49. Ra1 Rb6 50. Ra7 Nd7 51. Rba2 R6b7 52. R2a6+ Rb6 53. Ba5 Rxa6 54. Rxa6+ Ke7 55. Ke4 Rb7 56. Kd5 d3 57. Kc6 Rb6+ 58. Rxb6 Nxb6 59. Kxb6 Kd6 60. Ka7 e4 61. fxe4 Ke5 62. b6 Kd4 63. b7 Kxc4 64. b8=Q 1-0

[Event "24th Klatovy B 2016"]
[Site "Klatovy CZE"]
[Date "2016.07.06"]
[Round "5.37"]
[White "Celovsky, Jan"]
[Black "Spackova, Martina 1992"]
[Result "0-1"]
[WhiteElo "1281"]
[BlackElo "1731"]
[PlyCount "82"]
[EventDate "2016.07.02"]
[EventType "swiss"]
[EventRounds "9"]
[EventCountry "CZE"]

1. e4 e5 2. Nf3 Nc6 3. Bb5 Nf6 4. O-O a6 5. Ba4 b5 6. Bb3 Be7 7. Re1 d6 8. c3 Bg4 9. d3 O-O 10. Nbd2 Na5 11. Bc2 c5 12. h3 Bh5 13. a4 b4 14. cxb4 cxb4 15. Nb3 Rc8 16. Nxa5 Qxa5 17. Bb3 Nd7 18. Be3 Nc5 19. Rc1 Bxf3 20. gxf3 Ne6 21. Qd2 Nd4 22. Bxd4 exd4 23. Rxc8 Rxc8 24. Qf4 Qg5+ 25. Qxg5 Bxg5 26. Bc4 a5 27. Kg2 Bf4 28. h4 Kf8 29. Kh3 h6 30. Kg4 g5 31. Rh1 Rxc4 32. dxc4 d3 33. hxg5 hxg5 34. Kf5 Ke7 35. e5 Bxe5 36. Rd1 Bxb2 37. Rxd3 Bc3 38. Rd5 b3 39. Ke4 b2 40. Rb5 Bb4 41. Rb7+ Ke6 0-1

[Event "24th Klatovy B 2016"]
[Site "Klatovy CZE"]
[Date "2016.07.06"]
[Round "5.38"]
[White "Rimovsky, Pavel"]
[Black "Kresl, Filip"]
[Result "1-0"]
[WhiteElo "1593"]
[BlackElo "1365"]
[PlyCount "55"]
[EventDate "2016.07.02"]
[EventType "swiss"]
[EventRounds "9"]
[EventCountry "CZE"]

1. d4 d5 2. Bf4 Nf6 3. g3 e6 4. Bg2 Nbd7 5. Nd2 c5 6. c3 b6 7. e4 Nb8 8. e5 Nfd7 9. Ne2 Nc6 10. a3 a5 11. Be3 Ba6 12. f4 Be7 13. Nf3 O-O 14. O-O Rb8 15. h4 b5 16. Rf2 a4 17. Nd2 Qc7 18. h5 Rb7 19. f5 Nd8 20. g4 Nb6 21. f6 gxf6 22. exf6 Bd6 23. Bh6 Re8 24. Nf3 Bf8 25. Qd2 Kh8 26. Qg5 Bxh6 27. Qxh6 Rg8 28. Ng5 1-0

[Event "24th Klatovy B 2016"]
[Site "Klatovy CZE"]
[Date "2016.07.06"]
[Round "5.39"]
[White "Zimmermann, Ladislav"]
[Black "Kudrna, Miroslav"]
[Result "0-1"]
[WhiteElo "1147"]
[BlackElo "1580"]
[PlyCount "90"]
[EventDate "2016.07.02"]
[EventType "swiss"]
[EventRounds "9"]
[EventCountry "CZE"]

1. e4 e6 2. d4 d5 3. Nc3 dxe4 4. Nxe4 Nd7 5. Bb5 Be7 6. Nf3 Ngf6 7. Ng3 O-O 8. O-O c5 9. c3 a6 10. Bd3 b5 11. b3 cxd4 12. cxd4 Bb7 13. Bb2 h6 14. a3 Nd5 15. Be4 N7f6 16. Bxd5 Nxd5 17. Ne2 Rc8 18. Rc1 Qb6 19. Rxc8 Rxc8 20. Qd2 a5 21. a4 bxa4 22. bxa4 Bb4 23. Qd3 Ba6 24. Qd1 Nc3 25. Bxc3 Bxc3 26. Kh1 Bxe2 27. Qxe2 Bxd4 28. Qb5 Bxf2 29. Qxb6 Bxb6 30. h3 Rc4 31. Rb1 Bd4 32. Nxd4 Rxd4 33. Ra1 f5 34. Re1 Kf7 35. Kg1 Rxa4 36. Rf1 Kf6 37. Kh2 g5 38. g4 e5 39. Rc1 e4 40. Rc6+ Ke5 41. Rc5+ Kd4 42. Rc8 Ra2+ 43. Kg1 f4 44. Rd8+ Ke3 45. Rb8 Ra1+ 0-1

[Event "24th Klatovy B 2016"]
[Site "Klatovy CZE"]
[Date "2016.07.06"]
[Round "5.40"]
[White "Psaila, Uranchimeg"]
[Black "Flajsman, Zdenek"]
[Result "1/2-1/2"]
[WhiteElo "1546"]
[BlackElo "1457"]
[PlyCount "46"]
[EventDate "2016.07.02"]
[EventType "swiss"]
[EventRounds "9"]
[EventCountry "CZE"]

1. d4 Nf6 2. e3 e6 3. Bd3 c5 4. c3 Be7 5. f4 a6 6. Nf3 d6 7. O-O b6 8. Bd2 Bb7 9. Be1 Ne4 10. Nbd2 Nxd2 11. Qxd2 Nd7 12. Qc2 f5 13. Bg3 Nf6 14. Nd2 d5 15. Bh4 Ng4 16. Bf2 O-O 17. h3 Nf6 18. Nf3 Ne4 19. Ne5 g5 20. Qe2 Qe8 21. Be1 gxf4 22. exf4 Kh8 23. Kh2 Rg8 1/2-1/2

[Event "24th Klatovy B 2016"]
[Site "Klatovy CZE"]
[Date "2016.07.06"]
[Round "5.41"]
[White "Gorbunov, Alexander 1998"]
[Black "May, David"]
[Result "1/2-1/2"]
[WhiteElo "1353"]
[BlackElo "1532"]
[PlyCount "91"]
[EventDate "2016.07.02"]
[EventType "swiss"]
[EventRounds "9"]
[EventCountry "CZE"]

1. d4 d5 2. c4 c6 3. Nc3 Nf6 4. Bg5 Nbd7 5. e3 e6 6. Nf3 h6 7. Bh4 Be7 8. Bd3 dxc4 9. Bxc4 b5 10. Bd3 a6 11. a3 c5 12. b3 Bb7 13. O-O O-O 14. Qe2 Qc7 15. h3 cxd4 16. Nd1 Bxf3 17. Qxf3 Ne5 18. Qe2 Nxd3 19. Qxd3 Rfd8 20. exd4 Qf4 21. Bg3 Qxd4 22. Qxd4 Rxd4 23. Ne3 Rd3 24. b4 Ne4 25. Be5 f6 26. Bb2 a5 27. bxa5 Rxa5 28. Rac1 Ra8 29. Rc6 Kf7 30. Rb6 Rb3 31. Bc1 Nc3 32. Nc2 Ne2+ 33. Kh2 Nxc1 34. Rxc1 Rb2 35. Rb7 Rd8 36. Ra7 e5 37. Nb4 Kf8 38. Rcc7 Bxb4 39. axb4 Rxb4 40. Rf7+ Kg8 41. Rxg7+ Kh8 42. Rh7+ Kg8 43. Rxh6 Rbd4 44. Re7 b4 45. Rhh7 Ra8 46. Rhg7+ 1/2-1/2

[Event "24th Klatovy B 2016"]
[Site "Klatovy CZE"]
[Date "2016.07.06"]
[Round "5.42"]
[White "Vasko, Pavel"]
[Black "Peterek, Zbynek"]
[Result "1-0"]
[WhiteElo "1619"]
[BlackElo "1314"]
[PlyCount "81"]
[EventDate "2016.07.02"]
[EventType "swiss"]
[EventRounds "9"]
[EventCountry "CZE"]

1. e4 e5 2. Nf3 Nc6 3. Bc4 Bc5 4. c3 d6 5. d3 h6 6. O-O Bg4 7. h3 Bxf3 8. Qxf3 Qf6 9. Qe2 O-O-O 10. a4 a6 11. Be3 Nge7 12. b4 Bb6 13. a5 Ba7 14. Na3 d5 15. exd5 Nxd5 16. Bxd5 Rxd5 17. c4 Rdd8 18. b5 Nd4 19. Qb2 Kd7 20. Rab1 Qg6 21. b6 Nf3+ 22. Kh1 Nh4 23. g3 Qc6+ 24. f3 Nxf3 25. Qg2 Qa4 26. Qxf3 Qxa3 27. Qxf7+ Qe7 28. bxa7 Qxf7 29. Rxf7+ Kc6 30. Rxg7 Rxd3 31. Rg6+ Kd7 32. Rxb7 Rxe3 33. Rb8 Re1+ 34. Kg2 Rxb8 35. axb8=Q e4 36. Rg7+ Ke6 37. Qxc7 Re2+ 38. Kf1 Rd2 39. Qe7+ Kf5 40. Rf7+ Kg6 41. Rf6+ 1-0

[Event "24th Klatovy B 2016"]
[Site "Klatovy CZE"]
[Date "2016.07.06"]
[Round "5.43"]
[White "Stanke, Vilem"]
[Black "Chmelik, Ladislav"]
[Result "0-1"]
[WhiteElo "1200"]
[BlackElo "1762"]
[PlyCount "78"]
[EventDate "2016.07.02"]
[EventType "swiss"]
[EventRounds "9"]
[EventCountry "CZE"]

1. e4 d5 2. exd5 Qxd5 3. Nc3 Qd8 4. d4 Nf6 5. Nf3 Bf5 6. Bd3 Bxd3 7. Qxd3 c6 8. Bg5 e6 9. O-O Be7 10. Ne4 Nxe4 11. Qxe4 Bxg5 12. Rad1 O-O 13. c4 Bf6 14. d5 exd5 15. cxd5 cxd5 16. Rxd5 Qb6 17. Re1 Nc6 18. Rdd1 Rad8 19. Rxd8 Nxd8 20. b3 g6 21. g3 Ne6 22. Nd2 Qd4 23. Rd1 Qxe4 24. Nxe4 Kg7 25. Rd7 Rd8 26. Rxb7 Bd4 27. Kg2 Bb6 28. a4 Rd4 29. f3 Nd8 30. Re7 Nc6 31. Rb7 Na5 32. Re7 Nxb3 33. Ng5 Kf6 34. Rxf7+ Kxg5 35. Rxh7 Rd2+ 36. Kh3 Bg1 37. f4+ Kf6 38. Kg4 Rxh2 39. Rxa7 Bxa7 0-1

[Event "24th Klatovy B 2016"]
[Site "Klatovy CZE"]
[Date "2016.07.06"]
[Round "5.45"]
[White "Kopal, Vladimir"]
[Black "Schille, Steffen"]
[Result "1-0"]
[WhiteElo "1550"]
[BlackElo "1566"]
[PlyCount "99"]
[EventDate "2016.07.02"]
[EventType "swiss"]
[EventRounds "9"]
[EventCountry "CZE"]

1. e4 c5 2. Nf3 a6 3. Nc3 e6 4. d4 cxd4 5. Nxd4 Nc6 6. Nf3 Bb4 7. a3 Bxc3+ 8. bxc3 Qc7 9. Bd3 Nf6 10. h3 O-O 11. O-O d5 12. Re1 Rd8 13. Qe2 Ne5 14. Bf4 Nxf3+ 15. Qxf3 e5 16. Bg5 Rd6 17. Qg3 Re6 18. Rad1 Bd7 19. Bxf6 Rxf6 20. exd5 Re8 21. Re3 Bf5 22. c4 Qd6 23. Rde1 Rg6 24. Rxe5 Rf8 25. Qe3 Bxd3 26. cxd3 Qxa3 27. c5 Qa4 28. d6 Qd7 29. Re7 Qc6 30. f3 Qc8 31. d7 Qd8 32. Qd4 Rc6 33. Re8 Rc8 34. Rxd8 Rcxd8 35. Re8 Rdxe8 36. dxe8=Q Rxe8 37. Qd7 Kf8 38. Qxb7 a5 39. c6 g6 40. c7 Kg7 41. c8=Q Re1+ 42. Kf2 Re6 43. Qxe6 a4 44. Qexf7+ Kh6 45. Qxh7+ Kg5 46. Qb5+ Kf6 47. Qh8+ Ke6 48. Qhe5+ Kf7 49. Qb7+ Kf8 50. Qbb8+ 1-0

[Event "24th Klatovy B 2016"]
[Site "Klatovy CZE"]
[Date "2016.07.06"]
[Round "5.46"]
[White "Kovar, Michal"]
[Black "Mikes, Vlastislav 1983"]
[Result "1-0"]
[WhiteElo "1479"]
[BlackElo "1472"]
[PlyCount "55"]
[EventDate "2016.07.02"]
[EventType "swiss"]
[EventRounds "9"]
[EventCountry "CZE"]

1. e4 d6 2. d4 Nf6 3. Nc3 g6 4. Nf3 Bg7 5. a3 O-O 6. Bd3 Nbd7 7. O-O c5 8. d5 a6 9. a4 Qc7 10. Qe2 Nb6 11. a5 Nbd7 12. Bd2 b5 13. axb6 Nxb6 14. b3 Bb7 15. Bxa6 Nxe4 16. Qxe4 Bxa6 17. Rfe1 Rfe8 18. Rad1 e5 19. Ng5 h6 20. Nf3 Bb7 21. Nb5 Qd7 22. c4 f5 23. Qh4 Nxd5 24. Bxh6 Nf6 25. Rxd6 Qf7 26. Nxe5 Rxe5 27. Rxe5 Re8 28. Rxe8+ 1-0

[Event "24th Klatovy B 2016"]
[Site "Klatovy CZE"]
[Date "2016.07.06"]
[Round "5.47"]
[White "Kadlec, Rudolf"]
[Black "Kotal, Vit"]
[Result "1/2-1/2"]
[WhiteElo "1397"]
[BlackElo "1292"]
[PlyCount "40"]
[EventDate "2016.07.02"]
[EventType "swiss"]
[EventRounds "9"]
[EventCountry "CZE"]

1. e4 e5 2. d4 exd4 3. Nf3 Bc5 4. Bc4 Nc6 5. Ng5 d5 6. Bxd5 Nh6 7. Qh5 Qf6 8. O-O Ne5 9. c3 dxc3 10. Nxc3 Nc4 11. Qh4 O-O 12. h3 Ne5 13. Be3 Ng6 14. Qh5 Be7 15. Rad1 c6 16. Bb3 Be6 17. Nxe6 fxe6 18. Bxh6 gxh6 19. Qxh6 Qe5 20. Rd2 Rf7 1/2-1/2

[Event "24th Klatovy B 2016"]
[Site "Klatovy CZE"]
[Date "2016.07.06"]
[Round "5.48"]
[White "Vavrinkova, Marie"]
[Black "Vanek, Jiri1"]
[Result "1-0"]
[WhiteElo "1259"]
[BlackElo "1350"]
[PlyCount "47"]
[EventDate "2016.07.02"]
[EventType "swiss"]
[EventRounds "9"]
[EventCountry "CZE"]

1. e4 e5 2. Nf3 Nc6 3. Bb5 a6 4. Bxc6 dxc6 5. d4 exd4 6. Qxd4 Qxd4 7. Nxd4 Bd7 8. O-O Bc5 9. Be3 Bb6 10. Nc3 O-O-O 11. Rad1 Ne7 12. Rfe1 Rhe8 13. Nf3 Bg4 14. Rxd8+ Rxd8 15. Bxb6 cxb6 16. Ng5 f6 17. h3 Bd7 18. Nf7 Rf8 19. Nd6+ Kc7 20. Rd1 Nc8 21. Nxb7 Kxb7 22. Rxd7+ Kb8 23. Rxg7 Rh8 24. Rf7 1-0

[Event "24th Klatovy B 2016"]
[Site "Klatovy CZE"]
[Date "2016.07.06"]
[Round "5.49"]
[White "Krejbich, Lukas"]
[Black "Severin, Alois"]
[Result "0-1"]
[WhiteElo "1063"]
[BlackElo "1240"]
[PlyCount "106"]
[EventDate "2016.07.02"]
[EventType "swiss"]
[EventRounds "9"]
[EventCountry "CZE"]

1. e4 e5 2. Nf3 Nc6 3. Nc3 Bb4 4. Nd5 Nf6 5. Bd3 Bc5 6. O-O Nd4 7. Nxe5 Nxd5 8. exd5 d6 9. Bb5+ Nxb5 10. Nf3 O-O 11. d3 Bg4 12. b3 Nd4 13. Bb2 Nxf3+ 14. gxf3 Bh5 15. Kh1 Qg5 16. Rg1 Qxg1+ 17. Kxg1 f6 18. d4 Bb6 19. c3 Ba5 20. b4 Bb6 21. Bc1 Rae8 22. Bd2 Re7 23. Kg2 g5 24. h3 Rg7 25. Qe2 c6 26. Re1 Bd8 27. Qe6+ Bf7 28. Qxd6 Bxd5 29. Qb8 b6 30. Qd6 Bc7 31. Qxf8+ Kxf8 32. a4 Bf4 33. Bc1 Re7 34. Rd1 Bb3 35. Rg1 Bxc1 36. Rxc1 Bxa4 37. Kf1 Bb5+ 38. c4 Ba4 39. Re1 Rxe1+ 40. Kxe1 b5 41. c5 Bb3 42. Kf1 Bc4+ 43. Kg2 Be6 44. Kg3 h5 45. h4 g4 46. f4 f5 47. Kg2 Bd5+ 48. Kg3 Bf3 49. Kh2 Ke7 50. Kg3 Bd5 51. Kh2 Ke6 52. Kg3 Be4 53. Kh2 Kd5 0-1

[Event "24th Klatovy B 2016"]
[Site "Klatovy CZE"]
[Date "2016.07.06"]
[Round "5.50"]
[White "Stanke, Petr"]
[Black "Matejka, Jaromir"]
[Result "1-0"]
[WhiteElo "1239"]
[BlackElo "1000"]
[PlyCount "75"]
[EventDate "2016.07.02"]
[EventType "swiss"]
[EventRounds "9"]
[EventCountry "CZE"]

1. e4 e6 2. d4 d5 3. Nd2 Nf6 4. e5 Nfd7 5. Bd3 c5 6. c3 Nc6 7. Ne2 Be7 8. Nf3 O-O 9. O-O f5 10. Bd2 a6 11. Rc1 c4 12. Bb1 g5 13. h3 Kh8 14. Re1 Rf7 15. Ng3 Qg8 16. Nh2 Nf8 17. Qh5 Bd7 18. Nf3 Rg7 19. Nh2 Be8 20. Qd1 Ng6 21. b3 b5 22. Nh5 Rf7 23. f4 gxf4 24. Bxf4 Nxf4 25. Nxf4 Rg7 26. Re2 Bg5 27. Qf1 Ne7 28. Rcc2 Bxf4 29. Qxf4 Bh5 30. Rf2 Rc8 31. Rc1 cxb3 32. axb3 Rg3 33. Qd2 Rxh3 34. Qh6 Rf8 35. Kh1 Rh4 36. Kg1 Ng6 37. g3 Bg4 38. gxh4 1-0

[Event "24th Klatovy B 2016"]
[Site "Klatovy CZE"]
[Date "2016.07.06"]
[Round "5.51"]
[White "Skopkova, Marcela"]
[Black "Janous, Marek"]
[Result "0-1"]
[WhiteElo "1166"]
[BlackElo "1200"]
[PlyCount "70"]
[EventDate "2016.07.02"]
[EventType "swiss"]
[EventRounds "9"]
[EventCountry "CZE"]

1. d4 Nf6 2. e3 d5 3. Nf3 Nc6 4. a3 a6 5. h3 Bf5 6. Be2 e6 7. Bd2 Be7 8. b4 O-O 9. O-O h6 10. Nh2 Re8 11. c4 dxc4 12. Bxc4 e5 13. dxe5 Nxe5 14. Be2 Nh7 15. Ng4 Bxg4 16. Bxg4 Bf6 17. Ra2 Nc4 18. Be2 Qd5 19. Bf3 Qe6 20. Rc2 c6 21. Bg4 Qd5 22. Bf3 Qd6 23. Bg4 Qd5 24. Be2 b5 25. Bxc4 bxc4 26. Qc1 a5 27. Rxc4 axb4 28. Bxb4 Rac8 29. Rd1 Qf5 30. Rxc6 Rxc6 31. Qxc6 Rc8 32. Qd7 Qxd7 33. Rxd7 Rc1+ 34. Kh2 Rxb1 35. Rd2 Be5+ 0-1

[Event "24th Klatovy B 2016"]
[Site "Klatovy CZE"]
[Date "2016.07.06"]
[Round "5.52"]
[White "Psaila, Ocean"]
[Black "Skalicky, Jindrich"]
[Result "1/2-1/2"]
[WhiteElo "1046"]
[BlackElo "1311"]
[PlyCount "84"]
[EventDate "2016.07.02"]
[EventType "swiss"]
[EventRounds "9"]
[EventCountry "CZE"]

1. d4 d5 2. Nf3 Nf6 3. e3 e6 4. Be2 c5 5. O-O Be7 6. c4 dxc4 7. Bxc4 O-O 8. Nc3 a6 9. b3 b5 10. Be2 b4 11. Na4 cxd4 12. Qxd4 Qxd4 13. Nxd4 Nd5 14. Bb2 Bd7 15. Rac1 Bxa4 16. bxa4 Nd7 17. Rc2 Nc5 18. Nc6 Nxa4 19. Nxe7+ Nxe7 20. Bd4 Rfc8 21. Rfc1 Rxc2 22. Rxc2 Rb8 23. Bxa6 b3 24. axb3 Rxb3 25. Rc7 Rb1+ 26. Bf1 Kf8 27. Ra7 Nc6 28. Rxa4 Nxd4 29. exd4 Ke7 30. Ra7+ Kf6 31. g4 Rb4 32. Rd7 Kg5 33. Kg2 Kxg4 34. h3+ Kf4 35. Rxf7+ Ke4 36. Re7 Kxd4 37. Rxe6 Rb3 38. Re7 g5 39. Rxh7 Ke4 40. Rh5 Kf4 41. Be2 Rb2 42. Bg4 Rb3 1/2-1/2

[Event "24th Klatovy B 2016"]
[Site "Klatovy CZE"]
[Date "2016.07.06"]
[Round "5.53"]
[White "Velkoborsky, Tadeas"]
[Black "Barta, Daniel"]
[Result "0-1"]
[WhiteElo "1100"]
[BlackElo "1115"]
[PlyCount "34"]
[EventDate "2016.07.02"]
[EventType "swiss"]
[EventRounds "9"]
[EventCountry "CZE"]

1. e4 e5 2. Nf3 Nc6 3. Bc4 Nf6 4. Ng5 d5 5. exd5 Na5 6. Bb3 Nxb3 7. axb3 Nxd5 8. O-O Qxg5 9. d4 Nf4 10. Bxf4 exf4 11. Qe1+ Be7 12. Ra5 b5 13. Qe4 Rb8 14. Rxa7 O-O 15. Rxc7 Bd6 16. Rc3 Bb7 17. Qe2 Qxg2# 0-1

[Event "24th Klatovy B 2016"]
[Site "Klatovy CZE"]
[Date "2016.07.07"]
[Round "6.1"]
[White "Kovar, Petr2"]
[Black "Kotva, Milan"]
[Result "1/2-1/2"]
[WhiteElo "1980"]
[BlackElo "1998"]
[PlyCount "60"]
[EventDate "2016.07.02"]
[EventType "swiss"]
[EventRounds "9"]
[EventCountry "CZE"]

1. e4 e5 2. Nf3 Nc6 3. d4 exd4 4. Bc4 Nf6 5. e5 d5 6. Bb5 Ne4 7. Nxd4 Bc5 8. Nc3 Nxc3 9. bxc3 Bd7 10. Bxc6 bxc6 11. Nf3 Be7 12. Be3 O-O 13. O-O f6 14. Bd4 fxe5 15. Bxe5 Bf6 16. Bd4 Qe8 17. Qd2 Qg6 18. Bc5 Rfe8 19. Nd4 a5 20. Rfe1 Rxe1+ 21. Rxe1 Rb8 22. Qf4 Re8 23. Rxe8+ Qxe8 24. Qe3 Qb8 25. h3 Qe8 26. Qxe8+ Bxe8 27. Kf1 Kf7 28. Ke2 g6 29. a4 Be7 30. Bxe7 Kxe7 1/2-1/2

[Event "24th Klatovy B 2016"]
[Site "Klatovy CZE"]
[Date "2016.07.07"]
[Round "6.2"]
[White "Perik, Alois"]
[Black "Jirasek, Jiri"]
[Result "1/2-1/2"]
[WhiteElo "1807"]
[BlackElo "1881"]
[PlyCount "35"]
[EventDate "2016.07.02"]
[EventType "swiss"]
[EventRounds "9"]
[EventCountry "CZE"]

1. c4 Nf6 2. Nc3 e6 3. e4 d5 4. cxd5 exd5 5. e5 Ne4 6. d4 Nxc3 7. bxc3 Be7 8. Bd3 O-O 9. Ne2 f6 10. Qc2 h6 11. exf6 Rxf6 12. O-O Be6 13. Qb3 c6 14. Ba3 Bxa3 15. Qxa3 Nd7 16. Rae1 Nf8 17. Ng3 Bd7 18. Qc1 1/2-1/2

[Event "24th Klatovy B 2016"]
[Site "Klatovy CZE"]
[Date "2016.07.07"]
[Round "6.4"]
[White "Kovarova, Oxana"]
[Black "Gorbunov, Artemiy"]
[Result "0-1"]
[WhiteElo "1759"]
[BlackElo "1671"]
[PlyCount "80"]
[EventDate "2016.07.02"]
[EventType "swiss"]
[EventRounds "9"]
[EventCountry "CZE"]

1. e4 d6 2. d4 Nf6 3. Bd3 Nbd7 4. Nf3 e5 5. c3 Be7 6. Nbd2 O-O 7. Nf1 c6 8. Ng3 Re8 9. O-O h6 10. h3 Nh7 11. Nf5 Bf8 12. Be3 Nb6 13. Ng3 Nf6 14. Nh2 Be6 15. b3 Be7 16. f4 exf4 17. Bxf4 Nh7 18. Qc2 Bg5 19. e5 Nf8 20. Bxg5 hxg5 21. exd6 Nd5 22. Rae1 Nf4 23. Ne4 Nxd3 24. Qxd3 Bd5 25. Rf5 f6 26. Ng4 Bxe4 27. Rxe4 Rxe4 28. Qxe4 Qxd6 29. Rf1 Qd7 30. Qf3 Re8 31. Ne3 Ng6 32. Qf5 Qf7 33. Nc4 Re6 34. Qa5 Nf4 35. Rf3 Re1+ 36. Rf1 Qe8 37. Qf5 Rxf1+ 38. Kh2 Qe1 39. Qc8+ Kh7 40. Qf5+ Kh6 0-1

[Event "24th Klatovy B 2016"]
[Site "Klatovy CZE"]
[Date "2016.07.07"]
[Round "6.5"]
[White "Vavrinkova, Eliska"]
[Black "Zednik, Zdenek"]
[Result "0-1"]
[WhiteElo "1626"]
[BlackElo "1966"]
[PlyCount "38"]
[EventDate "2016.07.02"]
[EventType "swiss"]
[EventRounds "9"]
[EventCountry "CZE"]

1. d4 Nf6 2. c4 g6 3. Nf3 Bg7 4. g3 c5 5. Bg2 cxd4 6. Nxd4 Nc6 7. Nf3 O-O 8. Nc3 d6 9. e4 Be6 10. Qe2 Rc8 11. Rb1 Bg4 12. Be3 Ne5 13. b3 b5 14. Nxb5 Nxe4 15. Bxa7 Ng5 16. Nbd4 Qa5+ 17. Qd2 Ngxf3+ 18. Nxf3 Nxf3+ 19. Bxf3 Bc3 0-1

[Event "24th Klatovy B 2016"]
[Site "Klatovy CZE"]
[Date "2016.07.07"]
[Round "6.6"]
[White "Mejzr, Jan"]
[Black "Leseticky, Vladimir"]
[Result "1/2-1/2"]
[WhiteElo "1853"]
[BlackElo "1665"]
[PlyCount "104"]
[EventDate "2016.07.02"]
[EventType "swiss"]
[EventRounds "9"]
[EventCountry "CZE"]

1. e4 e5 2. Nf3 Nc6 3. d4 exd4 4. Nxd4 Nxd4 5. Qxd4 Qf6 6. e5 Qb6 7. Be3 Qxd4 8. Bxd4 Ne7 9. a3 Nf5 10. Bc3 d5 11. exd6 Nxd6 12. Bd3 Bf5 13. Bxf5 Nxf5 14. Nd2 O-O-O 15. O-O-O f6 16. Ne4 Be7 17. Rde1 Rhe8 18. h4 Nd6 19. Nc5 Nb5 20. Ne6 Nxc3 21. Nxd8 Kxd8 22. bxc3 Bxa3+ 23. Kd2 Rxe1 24. Rxe1 Bc5 25. Re2 a5 26. c4 b6 27. h5 h6 28. Kc3 a4 29. Kb2 a3+ 30. Kb3 Kd7 31. c3 Kd8 32. f3 Kd7 33. g4 Kd8 34. Rd2+ Ke7 35. Rd5 Bd6 36. Rf5 Ke6 37. Rd5 Ke7 38. Rd4 Ke8 39. Rxd6 cxd6 40. Kxa3 Kd7 41. Kb4 Kc6 42. f4 d5 43. cxd5+ Kxd5 44. Kb5 Ke4 45. Kxb6 Kd3 46. Kc5 Kxc3 47. Kd5 Kd3 48. Ke6 Ke4 49. f5 Kf4 50. Kf7 Kxg4 51. Kg6 Kh4 52. Kf7 Kg4 1/2-1/2

[Event "24th Klatovy B 2016"]
[Site "Klatovy CZE"]
[Date "2016.07.07"]
[Round "6.7"]
[White "Vavrousek, Petr"]
[Black "Cizek, Ondrej"]
[Result "0-1"]
[WhiteElo "1763"]
[BlackElo "1826"]
[PlyCount "42"]
[EventDate "2016.07.02"]
[EventType "swiss"]
[EventRounds "9"]
[EventCountry "CZE"]

1. e4 Nf6 2. e5 Nd5 3. d4 d6 4. Nf3 Bg4 5. Be2 e6 6. O-O Be7 7. c4 Nb6 8. b3 Nc6 9. exd6 cxd6 10. Bb2 d5 11. c5 Nd7 12. a3 a5 13. Re1 O-O 14. Nc3 Bf6 15. Nb5 Nxc5 16. Qd2 Ne4 17. Qf4 Bh5 18. h4 Bg6 19. g4 Bxh4 20. Nxh4 Qxh4 21. Bf3 Qxf2+ 0-1

[Event "24th Klatovy B 2016"]
[Site "Klatovy CZE"]
[Date "2016.07.07"]
[Round "6.8"]
[White "Cyron, Karel"]
[Black "Ruzicka, Vaclav1"]
[Result "1/2-1/2"]
[WhiteElo "1802"]
[BlackElo "1649"]
[PlyCount "73"]
[EventDate "2016.07.02"]
[EventType "swiss"]
[EventRounds "9"]
[EventCountry "CZE"]

1. e4 c6 2. d4 d5 3. f3 e6 4. e5 c5 5. c3 Qb6 6. f4 Bd7 7. Nf3 Nc6 8. dxc5 Bxc5 9. Qc2 Nh6 10. b4 Be3 11. a4 a6 12. g3 Bxc1 13. Qxc1 Ng4 14. Qd2 Qe3+ 15. Qxe3 Nxe3 16. Bd3 Ke7 17. Nbd2 Rhc8 18. Ke2 Nf5 19. Bxf5 exf5 20. Nb3 b6 21. Kd3 Be6 22. Rac1 Rc7 23. Nbd4 Nxd4 24. Nxd4 Bd7 25. Ra1 Rac8 26. Ra3 g6 27. Re1 Be6 28. Re3 h5 29. h4 Kd7 30. Kd2 Ke7 31. a5 b5 32. Nb3 Rc6 33. Nc5 R8c7 34. Kd3 Kd8 35. Kd4 Ke7 36. Ra1 Kd8 37. Rae1 1/2-1/2